Detalles MARC
| 000 -LIDER |
| fixed length control field |
00976nam a2200313 4500 |
| 001 - NÚMERO DE CONTROL |
| Identificador de número de control |
430476 |
| 003 - IDENTIFICACDOR DE NÚMERO DE CONTROL |
| control field |
DO-SdBNP |
| 005 - DATE AND TIME OF LATEST TRANSACTION |
| control field |
20231101130452.0 |
| 007 - CAMPOS FIJOS DE DESCRIPCIÓN FÍSICA |
| fixed length control field |
430476 |
| 008 - ELEMENTOS DE LONGITUD FIJA |
| fixed length control field |
000120s1999 sp | ||| ||spa |
| 020 ## - ISBN |
| International Standard Book Number |
8481301574 |
| 040 ## - FUENTE DE CATALOGACIÓN |
| Agencia que crea de manera original el registro |
BPMSU |
| Idioma de catalogación |
spa |
| Agencia que realiza la transcripción |
BPSMU |
| 100 1# - ASIENTO PRINCIPAL -- NOMBRE PERSONAL |
| Nombre personal |
Pla, Josep |
| Fechas asociadas con el nombre |
1897-1981 |
| 240 13 - TITULO UNIFORME |
| Título uniforme |
El quadern gris |
| Idioma de una obra |
Español |
| 245 13 - MENCIÓN DE TITULO |
| Título |
El cuaderno gris / |
| Mención de responsabilidad |
Josep Pla ; traducción de Dionisio Ridruejo y Gloria de Ros ; prólogo de Carmen Rigalt |
| 260 ## - PUBLICACIÓN, DISTRIBUCIÓN, ETC. (PIE DE IMPRENTA) |
| Lugar de publicación, distribución, etc |
Madrid : |
| Nombre del editor, distribuidor, etc. |
Milenium, |
| Fecha de publicación, distribución, etc |
1999 |
| 300 ## - DESCRIPCIÓN FÍSICA |
| Extensión |
575 p. |
| Dimensiones |
21 cm |
| 490 0# - MENCIÓN DE SERIES |
| Mención de serie |
Millenium ; |
| -- |
Las 100 joyas del milenio, |
| Volume/sequential designation |
40 |
| 534 ## - NOTA SOBRE LA VERSIÓN ORIGINAL |
| Asiento principal del original |
Título original : |
| Mención del título original |
El quadern gris. |
| 590 ## - NOTA LOCAL |
| Texto de la nota local |
Inventariado, 2023/VM |
| 600 14 - ENCABEZAMIENTO DE MATERIA--NOMBRE PERSONAL |
| Nombre personal |
Pla, Josep, |
| Fechas asociadas con el nombre |
1897-1981. |
| 650 #4 - ENCABEZAMIENTO DE MATERIA--TEMÁTICO |
| Término temático o nombre geográfico como elemento de entrada |
Diarios |
| 650 #4 - ENCABEZAMIENTO DE MATERIA--TEMÁTICO |
| Término temático o nombre geográfico como elemento de entrada |
Viajes alrededor del mundo |
| 650 #4 - ENCABEZAMIENTO DE MATERIA--TEMÁTICO |
| Término temático o nombre geográfico como elemento de entrada |
Anécdotas |
| 700 1# - ASIENTO SECUNDARIO -- NOMBRE PERSONAL |
| Nombre personal |
Carmen Rigalt |
| Mención de responsabilidad |
pról. |
| 700 1# - ASIENTO SECUNDARIO -- NOMBRE PERSONAL |
| Nombre personal |
Ros, Gloria de, |
| Mención de responsabilidad |
tr. |
| 910 ## - VALIDACIÓN |
| Validación |
VMateo V. Control de calidad. BPMSU |
| 942 ## - ADDED ENTRY ELEMENTS (KOHA) |
| Source of classification or shelving scheme |
Dewey Decimal Classification |
| Koha item type |
Libros |